000 00377nam a2200157Ia 4500
003 OSt
005 20240130105420.0
008 170523s9999 xx 000 0 und d
020 _a978-9352020362
040 _ciimt university meerut
100 _aREDDY- PN
245 0 _aESSENTIALS OF MANAGERIAL ECONOMIC
260 _bHIMALAYA PUBLICATION
260 _c1996
942 _2ddc
_c02
999 _c190
_d190